|
|
|
|
| LEADER |
00996nam a2200253 a 4500 |
| 001 |
4869828 |
| 008 |
090525s1992 si a b 001 0 eng d |
| 010 |
|
|
|a 92030892
|
| 020 |
|
|
|a 9810204728
|
| 020 |
|
|
|a 9810204736 (pbk.)
|
| 040 |
|
|
|a DLC
|c DLC
|d DLC
|
| 082 |
0 |
0 |
|a 551.4/57
|2 20
|
| 100 |
1 |
|
|a Nielsen, Peter.
|
| 245 |
1 |
0 |
|a Coastal bottom boundary layers and sediment transport /
|c Peter Nielsen.
|
| 260 |
|
|
|a Singapore ;
|a River Edge, N.J. :
|b World Scientific,
|c c1992.
|
| 300 |
|
|
|a xxiii, 324 p. :
|b ill. ;
|c 23 cm.
|
| 490 |
1 |
|
|a Advanced series on ocean engineering ;
|v v. 4
|
| 504 |
|
|
|a Includes bibliographical references (p. 299-308) and indexes.
|
| 541 |
1 |
|
|e 00014623
|
| 650 |
|
0 |
|a Coast changes.
|
| 650 |
|
0 |
|a Marine sediments.
|
| 852 |
4 |
|
|a Ayesha Abed Library
|j General Shelf.
|
| 999 |
|
|
|c 995
|d 995
|
| 952 |
|
|
|0 0
|1 0
|2 ddc
|4 0
|6 551_457000000000000_NIE
|7 0
|9 902
|a BRACUL
|b BRACUL
|c GEN
|d 2006-09-29
|e The Abdus Salam Int.
|l 0
|o 551.457 NIE
|p 3010014623
|r 2009-06-22
|t 1
|w 2009-06-22
|y BK
|x Not price in Register
|